[Event "6th Banco di Roma"]
[Site "Rome ITA"]
[Date "1982.02.??"]
[Round "5"]
[White "Tatai, Stefano"]
[Black "Robatsch, Karl"]
[Result "1/2-1/2"]
[WhiteElo "2440"]
[BlackElo "2415"]
[EventDate "1982.02.20"]
[PlyCount "46"]

1.d4 Nf6 2.c4 e6 3.Nc3 Bb4 4.e3 c5 5.Ne2 cxd4 6.exd4 O-O 7.a3 Be7 8.d5 
exd5 9.cxd5 Bc5 10.Na4 b6 11.b4 Bd6 12.Nec3 Re8+ 13.Be2 Be5 14.f4 Bxc3+ 
15.Nxc3 Ba6 16.O-O Bxe2 17.Nxe2 a5 18.Bb2 axb4 19.axb4 Rxa1 20.Bxa1 Na6 
21.Ng3 Nxb4 22.Nf5 d6 23.Qb3 Qc8 1/2-1/2

[Event "6th Banco di Roma"]
[Site "Rome ITA"]
[Date "1982.02.??"]
[Round "7"]
[White "Soos, Bela"]
[WhiteElo "2415"]
[Black "Robatsch, Karl"]
[Result "1/2-1/2"]
[BlackElo "2415"]
[EventDate "1982.02.20"]
[PlyCount "145"]

1.d4 Nf6 2.c4 e6 3.Nf3 b6 4.g3 Ba6 5.Nbd2 Bb4 6.Qb3 c5 7.a3 Bxd2+ 8.Bxd2 
Ne4 9.Bg2 Nc6 10.Bc3 O-O 11.O-O Qf6 12.e3 Nxc3 13.Qxc3 Rac8 14.Rac1 cxd4 
15.exd4 Na5 16.c5 d6 17.b4 Nc6 18.cxd6 Qd8 19.Qb2 Bb7 20.b5 Na5 21.Qb4 
Bxf3 22.Bxf3 Qd7 23.d5 Rcd8 24.dxe6 fxe6 25.Rc3 Qxd6 26.Re1 Qd7 27.Rce3 
Rf6 28.Bg4 Re8 29.Rd1 Qf7 30.f4 Nb7 31.Red3 Nc5 32.Rd8 Qf8 33.R8d6 e5 34.
fxe5 Rxe5 35.Qc4+ Kh8 36.R6d4 Re8 37.Bh5 g6 38.Bg4 Qe7 39.Kg2 Qe3 40.Rd8 
Rf2+ 41.Kh1 Rxd8 42.Rxd8+ Kg7 43.Qd4+ Qxd4 44.Rxd4 Ra2 45.h4 Rxa3 46.Kg2 
Ra2+ 47.Kf3 Kf6 48.Rf4+ Ke5 49.Rf7 h5 50.Bh3 Ra3+ 51.Kg2 Ne4 52.Rf3 Ra5 
53.Bd7 Ra2+ 54.Kg1 Ra1+ 55.Kg2 Ra2+ 56.Kg1 Nf6 57.Bc6 a5 58.bxa6 Rxa6 59.
Rb3 Kd6 60.Rf3 Ng4 61.Be8 Ne5 62.Rb3 Kc7 63.Kf2 Ra8 64.Bb5 Rf8+ 65.Ke2 Rf6
66.Ba4 Rd6 67.Rc3+ Kd8 68.Re3 Rd5 69.Bc2 Kd7 70.Rb3 Rd6 71.Be4 Ke7 72.Rb5 
Kf6 73.Ke3 1/2-1/2

[Event "6th Banco di Roma"]
[Site "Rome ITA"]
[Date "1982.02.??"]
[Round "8"]
[White "Mariotti, Sergio"]
[Black "Kortschnoj, Viktor"]
[Result "1-0"]
[WhiteElo "2455"]
[BlackElo "2645"]
[EventDate "1982.02.20"]
[PlyCount "63"]

1.e4 e5 2.Nc3 Nf6 3.g3 Bb4 4.Bg2 O-O 5.Nge2 c6 6.O-O d5 7.exd5 cxd5 8.d4 
exd4 9.Nxd4 Bxc3 10.bxc3 Nbd7 11.Bf4 Nb6 12.Nb5 Bf5 13.Nd6 Be4 14.Bh3 Nc4 
15.Nxe4 Nxe4 16.Qd4 Qa5 17.Rfe1 Rae8 18.Bf1 Na3 19.Bd3 Re6 20.f3 Nc5 21.
Bf5 Rf6 22.Qxd5 Qxc3 23.Rad1 Rxf5 24.Qxf5 Nxc2 25.Be5 Qc4 26.Bxg7 Kxg7 27.
Qg5+ Kh8 28.Rd8 Nd7 29.Ree8 Qd4+ 30.Kg2 Qg7 31.Qe7 Qg8 32.Qxd7 1-0

[Event "6th Banco di Roma"]
[Site "Rome ITA"]
[Date "1982.02.??"]
[Round "9"]
[White "Marovic, Drazen"]
[Black "Zichichi, Alvise"]
[Result "1/2-1/2"]
[WhiteElo "2440"]
[BlackElo "2400"]
[EventDate "1982.02.20"]
[PlyCount "21"]

1.d4 d5 2.c4 c6 3.Nf3 e6 4.cxd5 cxd5 5.Nc3 Nc6 6.Bf4 Bd6 7.Bg3 f5 8.e3 a6 
9.Bd3 Nf6 10.O-O O-O 11.Rc1 1/2-1/2